Organización y decisión. Autopoiesis, acción y entendimiento comunicativo

Tallennettuna:
Bibliografiset tiedot
Päätekijä: LUHMANN, NIKLAS
Aineistotyyppi: Tuntematon
Kieli:englanti
Julkaistu: Anthropos. Barcelona. España 1992
Tagit: Lisää tagi
Ei tageja, Lisää ensimmäinen tagi!

MARC

LEADER 00000 a2200000 4500
003 CL-VaPUC
005 20200911160124.0
008 200911b ||||| |||| 00| 0 eng d
999 |c 15003  |d 15003 
020 |a 9788476585177 
040 |c Pontificia Universidad Católica de Valparaíso 
100 |a LUHMANN, NIKLAS   |9 16866 
245 |a Organización y decisión. Autopoiesis, acción y entendimiento comunicativo 
260 |b Anthropos. Barcelona. España  |c 1992 
583 |k Sandra Vasquez  |c 20200911 
852 |a BIBCUR 
942 |2 ddc  |c BK  |n 1